000 00929nam a22001815i 4500
001 169483
003 ES-MaACL
005 20250902093842.0
008 080918s1860 sp |||| | spa d
245 0 0 _aPrograma y bases de la exposición pública y distribución de premios que tendrá efecto el día 19 de noviembre de 1860, con motivo de ser el de S.M. la Reina Doña Isabel (q.d.g.) /
_cReal Sociedad Económica de Amigos del País de la Provincia de Granada.
260 _aGranada :
_b[s.n.],
_c1860 (
_fImp. de Francisco Ventura y Sabatel)
300 _a[16] p. ;
_c21 cm.
530 _aDisponible en formato digital.
710 2 _aReal Sociedad Económica de Amigos del País de la Provincia de Granada
_9138618
852 4 _aES-MaACL
_jT-85-F-10
_z- Falto de cubierta original
856 4 _uhttp://hdl.handle.net/10481/8225
_zFondo bibliográfico histórico de la Universidad de Granada
999 _c169483
_d169483